Capital social, estrategias individuales y colectivas: el impacto de programas públicos en tres comunidades de Chile /

Kaydedildi:
Detaylı Bibliyografya
Yazar: Miranda, Francisca
Müşterek Yazar: NACIONES UNIDAS CEPAL
Diğer Yazarlar: Monzó, Evelyn
Materyal Türü: Metin
Seri Bilgileri:SERIE POLITICAS SOCIALES/CEPAL
Konular:
Etiketler: Etiketle
Etiket eklenmemiş, İlk siz ekleyin!

MARC

LEADER 00000 a a2200000 04500
001 48427
003
040
090 |a REV1291 (67) 2003  
100 |a Miranda, Francisca  
110 |a NACIONES UNIDAS CEPAL  
245 |a Capital social, estrategias individuales y colectivas:   |b el impacto de programas públicos en tres comunidades de Chile /  |c Francisca Miranda  
440 |a SERIE POLITICAS SOCIALES/CEPAL  
650 |a CAPITAL SOCIAL  
650 |a PROGRAMAS GUBERNAMENTAL  
650 |a DESARROLLO RURAL  
650 |a COMUNIDADES RURALES  
650 |a EVALUACION DE PROGRAMAS  
700 |a Monzó, Evelyn  
773 |g número67, (2003)  
999 |c 23077  |d 23077